Nghiên cứu áp dụng kỹ thuật phân tích kích hoạt Nơtrôn trên Lò phản ứng hạt nhân Đà Lạt cho việc xác định hàm lượng nguyên tố trong một số loại yến sào thuộc tỉnh Khánh Hoà : Luận văn Thạc sĩ Vật lý kỹ thuật /

Bewaard in:
Bibliografische gegevens
Hoofdauteur: Nguyễn Ngọc Thịnh.
Andere auteurs: Hồ Mạnh Dũng, TS. (hướng dẫn.)
Formaat: Thesis
Taal:Vietnamese
Gepubliceerd in: Đà Lạt : Trường Đại học Đà Lạt, 2017.
Onderwerpen:
Tags: Voeg label toe
Geen labels, Wees de eerste die dit record labelt!
Thư viện lưu trữ: Thư viện Trường Đại học Đà Lạt
LEADER 01467nam a2200313 4500
001 DLU170181699
005 ##20171107
040 # # |a DLU  |b vie 
041 # # |a vie 
044 # # |a vn 
082 # # |a 539.721 3  |b NG-T 
100 # # |a Nguyễn Ngọc Thịnh. 
245 # # |a Nghiên cứu áp dụng kỹ thuật phân tích kích hoạt Nơtrôn trên Lò phản ứng hạt nhân Đà Lạt cho việc xác định hàm lượng nguyên tố trong một số loại yến sào thuộc tỉnh Khánh Hoà :  |b Luận văn Thạc sĩ Vật lý kỹ thuật /  |c Nguyễn Ngọc Thịnh; Hồ Mạnh Dũng hướng dẫn. 
246 # # |a Nghiên cứu áp dụng kỹ thuật phân tích kích hoạt Nơtron trên Lò phản ứng hạt nhân Đà Lạt cho việc xác định hàm lượng nguyên tố trong một số loại yến sào thuộc tỉnh Khánh Hoà 
260 # # |a Đà Lạt :  |b Trường Đại học Đà Lạt,  |c 2017. 
300 # # |a 59 tr. :  |b minh hoạ, có màu;  |c 29 cm. 
504 # # |a Tài liệu tham khảo: tr. 58-59. 
650 # # |a Phân tích kích hoạt hạt nhân. 
700 # # |a Hồ Mạnh Dũng,  |c TS.  |e hướng dẫn. 
915 # # |a Vật lý kỹ thuật  |b 60520401  |c Thạc sĩ  |d Trường Đại học Đà Lạt  |e Bộ Giáo dục và Đào tạo. 
992 # # |a 0 
994 # # |a DLU 
900 # # |a True 
911 # # |a Nguyễn Thanh Hương 
925 # # |a G 
926 # # |a A 
927 # # |a LA 
980 # # |a Thư viện Trường Đại học Đà Lạt